Vincitori Campionato europeo di pallavolo maschile - Statistics

Statistiche generali
  • Questo quiz è stato fatto 41 volte
  • Il punteggio medio è 29 su 33
Statistiche sulle risposte
Edizione Nazionale vincitrice % Corretto
2015 Francia
100%
1989 Italia
100%
1993 Italia
100%
1995 Italia
100%
1999 Italia
100%
2003 Italia
100%
2005 Italia
100%
2021 Italia
100%
2009 Polonia
91%
2023 Polonia
91%
2013 Russia
91%
2017 Russia
91%
1950 Unione Sovietica
91%
1951 Unione Sovietica
91%
1967 Unione Sovietica
91%
1971 Unione Sovietica
91%
1975 Unione Sovietica
91%
1977 Unione Sovietica
91%
1979 Unione Sovietica
91%
1981 Unione Sovietica
91%
1983 Unione Sovietica
91%
1985 Unione Sovietica
91%
1987 Unione Sovietica
91%
1991 Unione Sovietica
91%
2001 Jugoslavia
84%
2011 Serbia
84%
2019 Serbia
84%
2007 Spagna
78%
1997 Paesi Bassi
72%
1948 Cecoslovacchia
66%
1955 Cecoslovacchia
66%
1958 Cecoslovacchia
66%
1963 Romania
50%
Nessun quiz corrispondente trovato
Distribuzione punteggi
Percentuale di utenti per punteggio
Percentile per numero di risposta
I tuoi punteggi nel tempo
Non hai fatto questo quiz